000
00232nam a2200097Ia 4500
001
717231
005
20250826162959.0
008
250824s9999 xx 000 0 und d
245
0
_a
ASIM
_c
MEHMET AKİF ERSOY
260
_b
DERGAH YAYINLARI
999
_c
717231
_d
717231